A catalogue of manuscripts in Paris; Urdu, Punjabi and Sindhi. (Record no. 80409)

MARC details
000 -LEADER
fixed length control field 00736cam a22002411 4500
001 - CONTROL NUMBER
control field sa 68004871
003 - CONTROL NUMBER IDENTIFIER
control field DLC
005 - DATE AND TIME OF LATEST TRANSACTION
control field 20260227112504.0
008 - FIXED-LENGTH DATA ELEMENTS--GENERAL INFORMATION
fixed length control field 711216s1967 pk h bc 00000 eng
010 ## - LIBRARY OF CONGRESS CONTROL NUMBER
LC control number sa 68004871 //r90
025 ## - OVERSEAS ACQUISITION NUMBER
Overseas acquisition number PL480:P-E-1401
040 ## - CATALOGING SOURCE
Original cataloging agency DLC
Transcribing agency DLC
Modifying agency DLC
043 ## - GEOGRAPHIC AREA CODE
Geographic area code a-ii---
-- e-fr---
050 00 - LIBRARY OF CONGRESS CALL NUMBER
Classification number Z6605.I5
Item number H8
082 00 - DEWEY DECIMAL CLASSIFICATION NUMBER
Classification number 016.091
100 10 - MAIN ENTRY--PERSONAL NAME
Personal name Husain, Agha Iftikhar.
245 12 - TITLE STATEMENT
Title A catalogue of manuscripts in Paris; Urdu, Punjabi and Sindhi.
Statement of responsibility, etc. Foreword by Mumtaz Hasan.
260 0# - PUBLICATION, DISTRIBUTION, ETC.
Place of publication, distribution, etc. Karachi,
Name of publisher, distributor, etc. Urdu Development Board
Date of publication, distribution, etc. [1967]
300 ## - PHYSICAL DESCRIPTION
Extent ii, vi, 35, 30 p.
Other physical details facsim.
Dimensions 25 cm.
350 ## - PRICE (NR) (BK AM CF MU VM SE) [OBSOLETE]
Price Rs5
504 ## - BIBLIOGRAPHY, ETC. NOTE
Bibliography, etc. note Bibliographical footnotes.
650 #0 - SUBJECT ADDED ENTRY--TOPICAL TERM
Topical term or geographic name entry element Manuscripts, Indic
Geographic subdivision France
-- Paris
General subdivision Catalogs.

No items available.

Powered by Koha